BBC Sherlock Quiz 1.0 || Easy - Statistics

General Stats
  • This quiz has been taken 123 times
  • The average score is 12 of 15
Answer Stats
Clues Answer % Correct
Sherlock takes place in which English city London
95%
Instrument that Sherlock plays Violin
95%
The Woman, potential loveinterest for Sherlock Irene Adler
92%
Sherlock Holmes's Address 221B Baker Street
91%
Detective Inspector at Scotland Yard Greg Lestrade
91%
Who was the actor of Sherlock ? Benedict Cumberbatch
90%
Sherlock's genius brother Mycroft Holmes
89%
Well dressed consulting criminal James Moriarty
85%
Sherlock and John's landlady Mrs. Hudson
85%
Sherlock's special skill, TheScience of _________ Deduction
84%
Who played John Watson ? Martin Freeman
83%
In Which Country ? Afghanistan
82%
John previously served as an ____ ______ Army Doctor
75%
Code Word that Sherlockand John use when in danger Vatican Cameos
48%
Season Two, Episode Two'stitle The Hound ofBaskerville
33%
No matching quizzes found
Score Distribution
Percent of People with Each Score
Percentile by Number Answered
Your Score History
You have not taken this quiz